| 000 | 00880nam a22002537a 4500 | ||
|---|---|---|---|
| 005 | 20110713113241.0 | ||
| 008 | 110713t xxu||||| |||| 00| 0 eng d | ||
| 010 | _aENG-103010 | ||
| 020 |
_a9788190551977 _c600.00 |
||
| 035 | _aEN-86543 | ||
| 037 | _bDBAD / PUB | ||
| 040 |
_adpl _bEnglish |
||
| 082 | _a615.535 | ||
| 100 |
_929416 _aNagendra Kumar Neeraj |
||
| 245 |
_aMiracles of naturopathy & yogic sciences / _cby Nagendra Kumar Neeraj |
||
| 260 |
_aJaipur _bPopular Book Depot _c2010 |
||
| 270 |
_aG-15, S.S. Tower, Dhamani Street, Chaura Rasta _bJaipur _e302003 |
||
| 300 |
_axv,423p. _c22cm (Hb) |
||
| 650 | _929417 | ||
| 651 | _929488 | ||
| 700 | _929429 | ||
| 942 |
_2ddc _cEN _mNAG _h615.535 |
||
| 999 |
_c53822 _d53822 |
||